Random "Second Best" Geography Edition - Statistics

General Stats
  • This quiz has been taken 199 times
  • The average score is 10 of 20
Answer Stats
Category First Second % Correct
Largest country in South America by area Brazil Argentina
100%
Continent with the lowest point on land Antarctica Asia
100%
Most populous city in Spain Madrid Barcelona
100%
Longest river Amazon Nile
100%
Country with the longest combined borders China Russia
100%
Most spoken language in the United States English Spanish
100%
Most populous U.S. state California Texas
100%
Most spoken language in Canada English French
92%
Continent with the highest point on land Asia South America
89%
Smallest country in South America by area Suriname Uruguay
89%
Country with the largest territory in Oceania Australia Papua New Guinea
88%
Country with the flag containing the most stripes Malaysia United States
88%
Widest country, east to west Russia Canada
86%
North American countries with the most megacities United States Canada
86%
Largest country by area touching the equator Brazil D. R. Congo
86%
Largest desert Antarctic Sahara
86%
Most populous city in the United States New York City Los Angeles
83%
Most populous city in China Guangzhou Shanghai
83%
Most forested European country Finland Sweden
83%
Country with the largest territory in Europe Russia Ukraine
82%
North American country with westernmost point United States Canada
80%
Most populous country China India
80%
Most populous island country Indonesia Japan
80%
Most populous African cities Cairo Lagos
78%
Smallest continent by area (seven continent model) Oceania Europe
75%
Most populous city in Australia Sydney Melbourne
75%
Countries with the highest average elevation Bhutan Nepal
75%
Country producing the most oil per capita Kuwait Qatar
75%
Coldest country by lowest temperature Denmark Russia
75%
African country with the northernmost point Tunisia Algeria
73%
Non-European countries with the most Summer Olympics medals United States China
73%
Largest country in Oceania by area Australia Papua New Guinea
73%
Coldest country by average temperature Canada Russia
73%
Countries with the most Winter Olympics medals Norway United States
73%
Most populous European country Russia Germany
71%
Countries with at least 1 million people that have the highest life expectancy Singapore Japan
71%
Smallest country by area Vatican City Monaco
71%
Largest U.S. state by area Alaska Texas
71%
Countries providing the most views to JetPunk United States United Kingdom
71%
Largest country by area Russia Canada
70%
National capital closest to Tokyo Seoul Pyongyang
70%
Least populous country in South America Suriname Guyana
69%
Largest continent by area (seven continent model) Asia Africa
67%
Largest ocean Pacific Atlantic
67%
Country with the most stars on its flag United States Brazil
67%
Country with the most imports from Spain France Germany
67%
Highest mountain Mount Everest K2
67%
Most populous North American country United States Mexico
67%
Language with the most native speakers Mandarin Spanish
67%
Most populous country touching the equator Indonesia Brazil
64%
Largest country in Africa by area Algeria D. R. Congo
64%
National capital closest to Madrid Andorra la Vella Lisbon
64%
Country closest to Monaco France Italy
63%
Most populous cities in Brazil São Paolo Rio de Janeiro
63%
Most densely-populated country Monaco Singapore
63%
Most populous cities in Turkey Istanbul Ankara
60%
Longest river in Europe Volga Danube
60%
Most populous city in Germany Berlin Hamburg
60%
Continent with the southernmost point that is furthest north Europe North America
60%
Least populous continent Antarctica Oceania
60%
Most populous South American cities São Paulo Buenos Aires
58%
Longest river in Africa Nile Congo
58%
Most populous Oceanic country Australia Papua New Guinea
58%
Countries producing the most olive oil that do not border the Mediterranean Argentina Chile
57%
Most populous country touching the Caribbean (territories included) United States France
57%
Country with the most domesticated cows Brazil India
57%
Smallest Asian country area Maldives Singapore
57%
Country that gets the most international tourists France Spain
57%
Largest country in Asia by area Russia China
56%
Most populous city in Ohio (city proper) Columbus Cleveland
56%
Languages official in the most countries English French
56%
Northernmost national capital Reykjavík Helsinki
56%
Asian country with the westernmost point that is farthest east South Korea North Korea
56%
Country in the Western Hemisphere with the highest % of people in extreme poverty Venezuela Haiti
54%
North American countries closest to South America Panama Trinidad and Tobago
54%
Most populous South American country Brazil Colombia
53%
Southernmost capital city in Europe Valetta Athens
50%
Country with the northernmost point Denmark Canada
50%
Non-European countries with the most Winter Olympics medals United States Canada
50%
Southernmost national capital Wellington Canberra
50%
Longest African country name D. R. Congo Central African Republic
50%
Country producing the most oranges Brazil China
50%
Largest island touching the Caribbean Nile Hispaniola
50%
Countries producing the most wheat China India
50%
Tallest mountain in Africa Kilimanjaro Mt. Kenya
50%
Most populous cities in India Delhi / New Delhi Mumbai
50%
Canadian province with the smallest land area Prince Edward Island Nova Scotia
50%
Southernmost capital of a country with territory in North America Bogotá Panama City
50%
Most populous Canadian province / territory Ontario Quebec
50%
Country producing the most oil United States Russia
50%
Continent with the northernmost point that is furthest south Antarctica South America
50%
Largest lake in Africa Victoria Tanganyika
50%
Longest one-word country name Liechtenstein Turkmenistan
50%
Most populous river basin Ganges / Brahmaputra Yangtze
50%
Last country to allow women to vote Brunei Saudi Arabia
45%
Most populous Indonesian island Java Sumatra
45%
European country with westernmost point United Kingdom France
44%
Largest Japanese island Honshū Hokkaido
44%
Most populated island Java Honshū
44%
Countries catching the most fish China Indonesia
44%
Largest freshwater lake by surface area Lake Superior Lake Victoria
44%
Most populous African country Nigeria Ethiopia
43%
Country with the most exports to Spain Germany France
43%
City with the most skyscrapers over 150 meters Hong Kong New York City
43%
Northernmost national capital starting with 'O' Oslo Ottawa
43%
Non-American countries closest to South America France United Kingdom
43%
Countries with the highest life expectancy Monaco Singapore
42%
Most populous island split between countries Hispaniola Borneo
40%
First country alphabetically touching the equator Brazil Colombia
40%
Oldest European university in continuous operation University of Bologna Oxford University
40%
Largest island in the Mediterranean by area Sicily Sardinia
40%
Largest country in North America by area Canada United States
40%
Countries with the most forest Russia Brazil
38%
South American country with westernmost point Chile Ecuador
38%
Largest island country by area Indonesia Madagascar
38%
Largest country by area touching the Prime Meridian Algeria Mali
38%
Country with the most wild tigers India Russia
38%
Northernmost island country Iceland United Kingdom
38%
Countries producing the most olive oil Spain Greece
36%
Country with the most exports to Greece Germany Italy
36%
Largest African desert Sahara Kalahari
36%
Largest Canadian island by area Baffin Island Victoria Island
36%
Largest island split between countries by area New Guinea Borneo
33%
Most populous European cities Moscow Istanbul
33%
Hottest national capital by average temperature Khartoum Niamey
33%
Tallest country, north to south Brazil Russia
33%
Oceanic country with westernmost point Kiribati Tonga
33%
Countries with the largest state (not necessarily in the US) Australia United States
33%
Country that produces the most beer per capita Czech Republic Ireland
30%
Country with the most Muslims Indonesia Pakistan
30%
Coldest national capital by average temperature Ulaanbaatar Nur-Sultan
29%
Non-JetPunk country recognized by the most UN countries Palestine Western Sahara
29%
Least populous country Vatican City Nauru
27%
Country with the most UNESCO sites Italy China
25%
Least populous country touching the Prime Meridian Togo Ghana
25%
Country with the most megacities China India
25%
Hottest country by average temperature Burkina Faso Mali
25%
Last country alphabetically touching the equator Uganda Somalia
25%
Non-Asian countries producing the most wheat Russia United States
25%
Last national capital alphabetically Zagreb Yerevan
25%
Most populous city in Japan Tokyo Yokohama
25%
Country with the least non-zero coastline Monaco Bosnia and Herzegovina
23%
Largest state (not necessarily in the US) Western Australia Queensland
22%
Shortest country name with some sort of 'saint' in it San Marino Saint Lucia
22%
Biggest island in the Philippines by area Luzon Mindanao
21%
Countries with the most sub-divisions in top 50 by area Russia Canada
20%
Largest island by area Greenland New Guinea
20%
Richest Asian country (GDP per capita, PPP, 2019) Qatar Singapore
20%
Country closest to Null Island (0, 0) Ghana Equatorial Guinea
19%
Country that gets the most international tourists per capita Vatican City Andorra
18%
Last country alphabetically touching the equator Somalia Uganda
18%
Non-Asian and non-European countries with the highest life expectancy Canada Australia
17%
Most populous partially recognized country China South Korea
17%
Most populous national capital starting with 'T' Tokyo Tehran
17%
Smallest Australian state by area Tasmania Victoria
17%
Shortest country name alternating 'O's Togo Kosovo
15%
Countries in Europe with the largest subdivision (states, constituent countries, etc) Russia Denmark
14%
Country with the most imports from Greece Italy Germany
14%
Most recently independent countries South Sudan Montenegro
14%
First national capital alphabetically Abu Dhabi Abuja
13%
Most forested Asian country Laos Bhutan
13%
First country alphabetically touching the equator Brazil Colombia
13%
Easternmost national capital starting with 'F' Funafuti Freetown
13%
Sparsest island country Iceland Papua New Guinea
13%
Least densely-populated country Mongolia Namibia
11%
Most common aspect ratios for flags 2:3 1:2
10%
Country with a star with the most points on their flag Marshall Islands Malaysia
10%
Country with the largest Antarctic claim by area Australia Norway
10%
Countries with the largest subdivision (states, constituent countries, etc) Russia Australia
9%
First country to allow women to vote New Zealand Australia
8%
Country with the lowest point on land not in Asia Djibouti Egypt
8%
Longest national capital name Sri Jayawardenepura Kotte Bandar Seri Begawan
0%
Cities with the most international tourists Hong Kong Bangkok
0%
Longest country abbreviation accepted for its country FYROM DPRK
0%
Most forested countries by percentage Suriname F. S. Micronesia
0%
Country with the sparsest (least dense) territory in Oceania Australia Indonesia
0%
National capital closest to Null Island (0, 0) Accra Lomé
0%
Countries eating the most fish per capita Iceland Maldives
0%
Most recently settled countries Seychelles Mauritius
0%
National capital closest to Malé Sri Jayawardenepura Kotte Muscat
0%
Most populous cities in Tanzania Dar es Salaam Mwanza
0%
Last country to abolish slavery Mauritania Oman
0%
Countries with the lowest average elevation Maldives Qatar
0%
Most populous Chinese province Guangdong Shandong
0%
Tallest skyscrapers Burj Khalifa Shanghai Tower
0%
Largest African island by area Madagascar Socotra
0%
Island country bordering the most other countries Indonesia United Kingdom
0%
Largest partially recognized country by area China Western Sahara
0%
Countries with the most official languages Bolivia Zimbabwe
0%
No matching quizzes found
Score Distribution
Percent of People with Each Score
Percentile by Number Answered
Your Score History
You have not taken this quiz